[Event "Tatarstan championship 2016"]
[Site "?"]
[Date "2016.09.20"]
[Round "5.10"]
[White "Bulatova, Kamaliya"]
[Black "Yarullina, Alina"]
[Result "1/2-1/2"]
[WhiteElo "1942"]
[BlackElo "2093"]
[PlyCount "111"]
[EventDate "2016.??.??"]

1. e4 e5 2. Nf3 Nf6 3. Nc3 Nc6 4. Bc4 Bc5 5. d3 h6 6. Be3 Bb6 7. Qd2 d6 8. h3
Be6 9. Bb3 Qd7 10. O-O-O Bxb3 11. axb3 Ba5 12. Qe2 O-O-O 13. Nd5 Nxd5 14. exd5
Nb4 15. d4 e4 16. Nd2 Qf5 17. c4 Rde8 18. Qg4 Qxg4 19. hxg4 c6 20. dxc6 bxc6
21. Rh5 d5 22. Kb1 Kd7 23. cxd5 cxd5 24. Nc4 Bc7 25. Ne5+ Bxe5 26. dxe5 a6 27.
Rd4 a5 28. Rf5 Ke6 29. f4 Rc8 30. Bd2 Rc6 31. Rh5 Nc2 32. Ra4 e3 33. Bc3 e2 34.
f5+ Kd7 35. Rh1 Rxc3 36. bxc3 e1=Q+ 37. Rxe1 Nxe1 38. Rxa5 Kc6 39. Ra6+ Kb5 40.
Ra7 Rf8 41. Rd7 Kc5 42. Rc7+ Kb6 43. Rd7 Nxg2 44. Rxd5 Ne3 45. Rd4 h5 46. gxh5
Nxf5 47. Rf4 Nh6 48. e6 f6 49. Rb4+ Kc6 50. Ra4 Re8 51. c4 Nf5 52. b4 Rxe6 53.
Ra6+ Kd7 54. Ra7+ Kc8 55. Kc2 Re7 56. Ra5 1/2-1/2

[Event "Tatarstan championship 2016"]
[Site "Kazan, Tatarstan"]
[Date "2016.09.20"]
[Round "5.3"]
[White "Shafigullina, Zarina"]
[Black "Danilova, Rada"]
[Result "1-0"]
[WhiteElo "1869"]
[BlackElo "1663"]
[PlyCount "66"]
[EventDate "2016.09.16"]

1. d4 Nf6 2. Nf3 g6 3. g3 Bg7 4. Bg2 d6 5. c4 O-O 6. O-O Nc6 7. Nc3 e5 8. d5
Ne7 9. e4 Ne8 10. Be3 f5 11. Qd2 Nf6 12. Ng5 fxe4 13. Ncxe4 Nxe4 14. Bxe4 Nf5
15. Ne6 Bxe6 16. dxe6 Nxe3 17. Qxe3 c6 18. b4 Re8 19. b5 Qc7 20. Qf3 Rac8 21.
Qa3 Rxe6 22. Qxa7 Ree8 23. a4 Ra8 24. Qe3 Red8 25. Rfb1 d5 26. cxd5 cxd5 27.
Qb3 Qf7 28. Bg2 e4 29. Ra2 b6 30. Rd1 Ra7 31. Bxe4 Rad7 32. Rad2 d4 33. Qxf7+
Kxf7 1-0

[Event "Tatarstan championship 2016"]
[Site "Kazan, Tatarstan"]
[Date "2016.09.20"]
[Round "5.4"]
[White "Zinatullina, Adelya"]
[Black "Kozina, Anastasia"]
[Result "1/2-1/2"]
[WhiteElo "1882"]
[BlackElo "2108"]
[PlyCount "62"]
[EventDate "2016.09.16"]

1. d4 Nf6 2. Nf3 e6 3. c4 Bb4+ 4. Nbd2 O-O 5. e3 d5 6. Bd3 b6 7. O-O Bb7 8. Qc2
Nbd7 9. e4 dxe4 10. Nxe4 Nxe4 11. Bxe4 Bxe4 12. Qxe4 Be7 13. Bf4 Nf6 14. Qe2 c5
15. Rfd1 cxd4 16. Nxd4 Qc8 17. a3 Qb7 18. b4 Rac8 19. f3 Rfd8 20. Nb5 Ne8 21.
Rxd8 Rxd8 22. Rd1 Rd7 23. Kf2 a6 24. Nd4 Qc8 25. Be3 Rc7 26. Nb3 Rxc4 27. Bxb6
Rc3 28. Rd3 Rc2 29. Rd2 Rc3 30. Rd3 Rc2 31. Rd2 Rc3 1/2-1/2

[Event "Tatarstan championship 2016"]
[Site "Kazan, Tatarstan"]
[Date "2016.09.20"]
[Round "5.5"]
[White "Zaripova, Arina"]
[Black "Agabekian, Razia"]
[Result "1/2-1/2"]
[WhiteElo "1517"]
[BlackElo "1624"]
[PlyCount "85"]
[EventDate "2016.09.16"]

1. e4 e5 2. f4 Nc6 3. Nf3 Bc5 4. Bc4 Nf6 5. Nc3 a6 6. d3 Ng4 7. Rf1 Nxh2 8. Rh1
Nxf3+ 9. Qxf3 d6 10. Be3 Nd4 11. Bxd4 Bxd4 12. fxe5 Bxc3+ 13. bxc3 Qe7 14. exd6
cxd6 15. Rf1 O-O 16. Kf2 Be6 17. Bb3 Rac8 18. c4 Rc5 19. Kg1 Rg5 20. Rf2 Bg4
21. Qf4 Bh5 22. c3 Rg6 23. Bd1 Bxd1 24. Rxd1 h5 25. Qf5 h4 26. Rdf1 Rg3 27. Rf3
Rg5 28. Qf4 Rh5 29. Qg4 Rg5 30. Qf4 Rg6 31. Rh3 Rh6 32. Qg4 Kh8 33. Rf4 g5 34.
Rf5 Rg8 35. Rhf3 Rg7 36. d4 Kg8 37. e5 Re6 38. Re3 dxe5 39. Rfxe5 Rgg6 40. Rxe6
Rxe6 41. Rxe6 fxe6 42. Qe4 Kg7 43. Qe5+ 1/2-1/2

[Event "Tatarstan championship 2016"]
[Site "Kazan, Tatarstan"]
[Date "2016.09.20"]
[Round "5.6"]
[White "Tukaeva, Aida"]
[Black "Nigmatullina, Enge"]
[Result "1-0"]
[WhiteElo "1700"]
[BlackElo "1407"]
[PlyCount "67"]
[EventDate "2016.09.16"]

1. e4 e5 2. Nf3 Nc6 3. d4 exd4 4. Nxd4 Bc5 5. Be3 Bb6 6. Nf5 Bxe3 7. Nxe3 Nf6
8. Nc3 O-O 9. Be2 Re8 10. Bf3 Ne5 11. Qe2 Qe7 12. O-O-O Nxf3 13. gxf3 Qc5 14.
Rhg1 d6 15. Ned5 Re6 16. Rg5 Kf8 17. f4 Nxd5 18. Rdxd5 Qc6 19. f5 Re5 20. Qg4
g6 21. Qh4 Kg8 22. Rxe5 dxe5 23. Nd5 Qd6 24. Qh6 Bxf5 25. Rxf5 gxf5 26. Nf6+
Qxf6 27. Qxf6 fxe4 28. Qxe5 Rf8 29. Qxe4 c6 30. Qe7 Rb8 31. Qe3 Rf8 32. Qxa7
Re8 33. Qxb7 Kf8 34. Qxc6 1-0

[Event "Tatarstan championship 2016"]
[Site "?"]
[Date "2016.09.21"]
[Round "6.9"]
[White "Yarullina, Alina"]
[Black "Markelova, Lubov"]
[Result "1-0"]
[WhiteElo "2093"]
[BlackElo "2145"]
[PlyCount "105"]
[EventDate "2016.??.??"]

1. e4 e6 2. b3 d5 3. Bb2 dxe4 4. Nc3 Nf6 5. Qe2 Be7 6. Nxe4 Nxe4 7. Qxe4 Bf6 8.
c3 Qd5 9. Bd3 Nd7 10. O-O-O Nc5 11. Qxd5 exd5 12. Bc2 Ne6 13. Nf3 O-O 14. d4
Nf4 15. Ne1 Re8 16. g3 Nh3 17. Rd2 g5 18. f3 Re3 19. Rf1 Bd7 20. Ng2 Re7 21.
Ba3 Ree8 22. c4 a5 23. Bb2 a4 24. Bd3 a3 25. Bc3 c5 26. cxd5 b5 27. Be4 b4 28.
Ba1 Bb5 29. Re1 g4 30. f4 Rac8 31. Kb1 c4 32. bxc4 Bxc4 33. d6 Rcd8 34. d5 Bc3
35. Bxc3 bxc3 36. Rc2 Rxe4 37. Rxe4 Bd3 38. Rd4 Rb8+ 39. Kc1 Nf2 40. Ne1 Bxc2
41. Kxc2 Rb2+ 42. Kxc3 Kf8 43. Ra4 Nd1+ 44. Kd4 Ke8 45. Rxa3 Kd7 46. Nd3 Rd2
47. Rb3 Kxd6 48. a4 Ra2 49. Rb6+ Kc7 50. Rc6+ Kd8 51. Nc5 Nb2 52. Ra6 Ra3 53.
d6 1-0

[Event "Tatarstan championship 2016"]
[Site "?"]
[Date "2016.09.21"]
[Round "6.10"]
[White "Bulatova, Kamaliya"]
[Black "Shafigullina, Zarina"]
[Result "1/2-1/2"]
[WhiteElo "1942"]
[BlackElo "1869"]
[PlyCount "140"]
[EventDate "2016.??.??"]

1. d4 Nf6 2. Nf3 e6 3. Bf4 c5 4. e3 cxd4 5. exd4 b6 6. Bd3 Bb7 7. Nbd2 Be7 8.
h3 O-O 9. Qe2 Nd5 10. Bh2 Nb4 11. c3 Nxd3+ 12. Qxd3 d5 13. Qe3 Bd6 14. O-O Nc6
15. Rfe1 Ne7 16. a4 a5 17. Nf1 Bc8 18. Bxd6 Nf5 19. Qd2 Nxd6 20. Ng3 f5 21. b3
f4 22. Ne2 g5 23. Qc2 Qf6 24. c4 dxc4 25. bxc4 Bb7 26. Ne5 f3 27. Ng3 Rad8 28.
Rad1 Nf5 29. Ne4 Bxe4 30. Qxe4 fxg2 31. Ng4 Qg6 32. d5 h5 33. Ne3 exd5 34. Rxd5
Rde8 35. Qb1 Re6 36. Nxg2 Rxe1+ 37. Qxe1 Nh4 38. Nxh4 gxh4+ 39. Kh1 Re8 40. Qc1
Kh7 41. Rd7+ Kg8 42. Rd4 Qc6+ 43. Kh2 Qc7+ 44. Qf4 Qg7 45. Rd1 Rf8 46. Qxh4
Qc7+ 47. Qg3+ Qxg3+ 48. Kxg3 Rc8 49. Rd4 Rc5 50. f4 Kf7 51. Kf3 Ke6 52. Ke4 Kf6
53. h4 Ke6 54. Kf3 Kf7 55. Ke3 Kf6 56. Ke4 Ke6 57. Ke3 Kf6 58. Kf3 Ke6 59. Ke4
Kf6 60. Rd6+ Ke7 61. Rxb6 Rxc4+ 62. Ke5 Rxa4 63. Rb7+ Kf8 64. f5 Rxh4 65. f6
Rb4 66. Ra7 a4 67. Ke6 Re4+ 68. Kf5 Rg4 69. Ke6 Re4+ 70. Kf5 Rg4 {Ke4} 1/2-1/2

[Event "Tatarstan championship 2016"]
[Site "Kazan, Tatarstan"]
[Date "2016.09.21"]
[Round "6.3"]
[White "Kozina, Anastasia"]
[Black "Belova, Olga"]
[Result "0-1"]
[WhiteElo "2108"]
[BlackElo "2020"]
[PlyCount "102"]
[EventDate "2016.09.16"]

1. e4 e6 2. d4 d5 3. e5 c5 4. c3 Qb6 5. Nf3 Nc6 6. a3 c4 7. Nbd2 Bd7 8. g3 Nge7
9. h4 Na5 10. Bh3 Qc7 11. O-O Nc8 12. Ne1 Nb6 13. Ng2 O-O-O 14. Ne3 Be7 15. Re1
h5 16. f4 f6 17. Nef1 f5 18. Nf3 Na4 19. Ne3 g6 20. Ng2 Qb6 21. Qe2 Nb3 22. Rb1
Bxa3 23. Be3 Bxb2 24. Rxb2 Nxb2 25. Qxb2 Nxd4 26. Qxb6 Nxf3+ 27. Kf2 axb6 28.
Kxf3 Kc7 29. Rb1 b5 30. Ne1 Ra8 31. Nc2 Ra2 32. Nd4 Ra3 33. Bd2 Rha8 34. Ke3
Kb6 35. Bg2 R8a4 36. Ke2 b4 37. Be3 Ra2+ 38. Kf3 Ka5 39. cxb4+ Rxb4 40. Rc1
Rbb2 41. Bf1 b5 42. Ne2 b4 43. Bd4 Rb3+ 44. Kf2 Rd3 45. Bc5 b3 46. Kg1 Kb5 47.
Bf2 b2 48. Rb1 Ka6 49. Bd4 Rb3 50. Kf2 Rb8 51. Bg2 Ba4 0-1

[Event "Tatarstan championship 2016"]
[Site "Kazan, Tatarstan"]
[Date "2016.09.21"]
[Round "6.4"]
[White "Danilova, Rada"]
[Black "Semenova, Anastasia"]
[Result "1/2-1/2"]
[WhiteElo "1663"]
[BlackElo "1890"]
[PlyCount "75"]
[EventDate "2016.09.16"]

1. d4 d5 2. Nf3 Bf5 3. c4 c6 4. Nc3 e6 5. g3 Bd6 6. Qb3 Qc8 7. a4 Ne7 8. Bg2
O-O 9. O-O Nd7 10. Nd2 e5 11. dxe5 dxc4 12. Nxc4 Bxe5 13. Nxe5 Nxe5 14. Ne4 Qc7
15. Bf4 Nd5 16. Bxe5 Qxe5 17. Nc5 b6 18. e4 bxc5 19. exd5 cxd5 20. Qxd5 Qxd5
21. Bxd5 Rab8 22. Rac1 c4 23. Rfe1 Rxb2 24. Rxc4 Rd2 25. Rc5 g6 26. Ra5 Rd8 27.
Bf3 R8d7 28. Kg2 Be6 29. Re2 R2d4 30. Rb2 Rc7 31. Rb8+ Kg7 32. Ra8 Rc2 33. h3
Rdd2 34. g4 Rxf2+ 35. Kg3 Rh2 36. R8xa7 h5 37. Re5 Kf6 38. Raa5 1/2-1/2

[Event "Tatarstan championship 2016"]
[Site "Kazan, Tatarstan"]
[Date "2016.09.21"]
[Round "6.5"]
[White "Agabekian, Razia"]
[Black "Tukaeva, Aida"]
[Result "1-0"]
[WhiteElo "1624"]
[BlackElo "1700"]
[PlyCount "111"]
[EventDate "2016.09.16"]

1. d4 d5 2. c4 c6 3. cxd5 cxd5 4. Nf3 Nc6 5. Bf4 Nf6 6. Nc3 a6 7. e3 Bg4 8. h3
Bh5 9. Rc1 e6 10. Be2 Bxf3 11. Bxf3 Bd6 12. Bxd6 Qxd6 13. O-O O-O 14. a3 b5 15.
b4 Rab8 16. Be2 Rfc8 17. Bd3 Na7 18. Qe2 Rc7 19. Na2 Rbc8 20. Rc5 Nd7 21. Rxc7
Rxc7 22. Qb2 Nb6 23. Nc3 Nc4 24. Bxc4 bxc4 25. Na4 Rc8 26. Nc5 Rb8 27. Qc2 Nb5
28. Qa4 Nc7 29. Rc1 f6 30. f4 Ra8 31. Kf2 e5 32. g3 exd4 33. exd4 Nb5 34. Re1
Nc7 35. f5 g6 36. Ne6 gxf5 37. Nxc7 Qxc7 38. Re6 Qa7 39. Ke3 Qb8 40. Kf3 Qb5
41. Qc2 Qd7 42. Qxf5 Rf8 43. Qg4+ Kh8 44. Rxa6 f5 45. Qf4 Qe7 46. Qe5+ Qxe5 47.
dxe5 Rc8 48. Ke2 Re8 49. e6 Rc8 50. Rd6 c3 51. Kd1 Re8 52. b5 d4 53. b6 d3 54.
Rxd3 Rxe6 55. b7 Re8 56. Rxc3 1-0

[Event "Tatarstan championship 2016"]
[Site "Kazan, Tatarstan"]
[Date "2016.09.21"]
[Round "6.6"]
[White "Nigmatullina, Enge"]
[Black "Zaripova, Arina"]
[Result "1-0"]
[WhiteElo "1407"]
[BlackElo "1517"]
[PlyCount "79"]
[EventDate "2016.09.16"]

1. d4 Nf6 2. c4 e6 3. Nf3 Bb4+ 4. Bd2 a5 5. e3 b6 6. Be2 Bb7 7. O-O O-O 8. Qb3
Bxd2 9. Nbxd2 Ne4 10. Nxe4 Bxe4 11. Rfd1 d5 12. Rac1 Nd7 13. Nd2 Nf6 14. Nxe4
Nxe4 15. cxd5 exd5 16. Bf3 Rc8 17. Bxe4 dxe4 18. Rc6 h6 19. Rdc1 Re8 20. Qc4
Re7 21. h3 Kh7 22. d5 f5 23. d6 Rd7 24. Rxc7 Rdxc7 25. dxc7 Qd7 26. Qc6 Qxc6
27. Rxc6 Kg8 28. Kf1 Kf7 29. Ke2 Ke7 30. Kd2 Kd7 31. Rxb6 Rxc7 32. Rb5 Ra7 33.
Rxf5 Ke6 34. Rc5 Rb7 35. Kc3 Ra7 36. Kd4 Rf7 37. Rc2 Rf5 38. Kxe4 Re5+ 39. Kf3
Rb5 40. b3 1-0

[Event "Tatarstan championship 2016"]
[Site "?"]
[Date "2016.09.22"]
[Round "7.9"]
[White "Belova, Olga"]
[Black "Yarullina, Alina"]
[Result "1-0"]
[WhiteElo "2020"]
[BlackElo "2093"]
[PlyCount "109"]
[EventDate "2016.??.??"]

1. e4 d6 2. d4 Nf6 3. Nc3 Nbd7 4. f3 e5 5. Be3 Be7 6. Qd2 c6 7. Nh3 O-O 8. Nf2
Re8 9. g4 Qa5 10. h4 d5 11. Be2 Bb4 12. dxe5 Nxe5 13. g5 Nh5 14. f4 Nc4 15.
Bxc4 dxc4 16. O-O-O Ng3 17. Rhe1 Be6 18. Bd4 c5 19. Be5 Rad8 20. Qe3 Bxc3 21.
Qxc3 Qxa2 22. Rd6 Nf1 23. Kd1 Nh2 24. Ke2 Rxd6 25. Bxd6 Ng4 26. Bxc5 Nxf2 27.
Kxf2 Qa6 28. Bd4 Qd6 29. Kf3 Rd8 30. Bxg7 Qd2 31. Bh8 Kf8 32. Bg7+ Ke8 33. f5
Bc8 34. Re2 Qd1 35. Qe5+ Kd7 36. Qb5+ Ke7 37. Bf6+ Kf8 38. Bxd8 Qf1+ 39. Ke3
Qg1+ 40. Kf3 Qf1+ 41. Rf2 Qh1+ 42. Ke3 Qe1+ 43. Re2 Qc1+ 44. Kd4 Qd1+ 45. Ke5
Qxe2 46. Qc5+ Kg8 47. Qxc8 Qh2+ 48. Kd5 Qd2+ 49. Kc5 Qf2+ 50. Kb5 a6+ 51. Ka5
Qe1+ 52. Kb6 Qe3+ 53. Kxb7 Qxe4+ 54. Ka7 Qe8 55. Kb8 1-0

[Event "Tatarstan championship 2016"]
[Site "?"]
[Date "2016.09.22"]
[Round "7.10"]
[White "Markelova, Lubov"]
[Black "Shafigullina, Zarina"]
[Result "1/2-1/2"]
[WhiteElo "2145"]
[BlackElo "1869"]
[PlyCount "96"]
[EventDate "2016.??.??"]

1. Nf3 Nf6 2. c4 b6 3. g3 Bb7 4. Bg2 c5 5. O-O e6 6. Nc3 Be7 7. Re1 d5 8. cxd5
Nxd5 9. Nxd5 Qxd5 10. d4 cxd4 11. Qxd4 Qxd4 12. Nxd4 Bxg2 13. Kxg2 Na6 14. e4
Nb4 15. a3 Nd3 16. Rd1 Nxc1 17. Raxc1 Bf6 18. f4 e5 19. Nb5 O-O 20. f5 Bg5 21.
Rc3 a5 22. h4 Be7 23. Nc7 Rad8 24. Nd5 Bc5 25. Rdc1 h5 26. b4 Bd4 27. R3c2 axb4
28. axb4 Ra8 29. Ne7+ Kh7 30. Nc6 Ra3 31. Rd1 Rb3 32. Rcd2 Rc8 33. b5 Ra8 34.
Nxd4 exd4 35. Rd3 Ra2+ 36. Kf3 Rxb5 37. Rxd4 f6 38. R1d2 Rxd2 39. Rxd2 Rb3+ 40.
Kf4 b5 41. Rd7 b4 42. Rb7 Rb1 43. e5 Rf1+ 44. Ke4 Re1+ 45. Kf4 Rf1+ 46. Ke4
Re1+ 47. Kf4 Rf1+ 48. Ke4 Re1+ {e6} 1/2-1/2

[Event "Tatarstan championship 2016"]
[Site "Kazan, Tatarstan"]
[Date "2016.09.22"]
[Round "7.3"]
[White "Danilova, Rada"]
[Black "Bulatova, Kamaliya"]
[Result "0-1"]
[WhiteElo "1663"]
[BlackElo "1942"]
[PlyCount "94"]
[EventDate "2016.09.16"]

1. d4 Nf6 2. c4 g6 3. Nc3 Bg7 4. e4 d6 5. f3 O-O 6. Be3 Nfd7 7. Nge2 c5 8. Qd2
Nc6 9. d5 Na5 10. Nc1 Ne5 11. b3 e6 12. Bd3 exd5 13. cxd5 f5 14. O-O f4 15.
Bxf4 Rxf4 16. Qxf4 Nxd3 17. Nxd3 Bxc3 18. Rac1 Bd4+ 19. Kh1 b6 20. Rfe1 Ba6 21.
Qd2 Bxd3 22. Qxd3 Qf6 23. Rf1 Nb7 24. f4 Qf7 25. e5 dxe5 26. fxe5 Qxd5 27. Rce1
Nd8 28. Qh3 Ne6 29. Rf6 Re8 30. Qg3 Kg7 31. Ref1 Bxe5 32. Rf7+ Kg8 33. Qh4 Bg7
34. Qa4 Rd8 35. Qxa7 b5 36. Qb6 Ng5 37. R7f2 Ne4 38. Rf4 Nd2 39. Re1 Bh6 40.
Rf2 Ne4 41. Rfe2 Rf8 42. Kg1 Qd4+ 43. Kh1 Nf2+ 44. Rxf2 Qxf2 45. Qe6+ Qf7 46.
Qe2 b4 47. Kg1 Bg7 0-1

[Event "Tatarstan championship 2016"]
[Site "Kazan, Tatarstan"]
[Date "2016.09.22"]
[Round "7.4"]
[White "Agabekian, Razia"]
[Black "Zinatullina, Adelya"]
[Result "0-1"]
[WhiteElo "1624"]
[BlackElo "1882"]
[PlyCount "180"]
[EventDate "2016.09.16"]

1. e4 c5 2. Nf3 e6 3. Nc3 a6 4. d4 cxd4 5. Nxd4 Qc7 6. a3 b5 7. Bd3 Bb7 8. O-O
Nf6 9. Be3 d6 10. f3 Nbd7 11. Rc1 Ne5 12. Bf2 Rc8 13. Na2 Be7 14. Qe1 O-O 15.
Nb3 Nc4 16. Bxc4 Qxc4 17. Bb6 Bd8 18. Bxd8 Rfxd8 19. Nb4 Qc7 20. Nd3 Qb6+ 21.
Kh1 Rd7 22. Qa5 Qe3 23. Rfe1 Qa7 24. Qd2 Rdc7 25. c3 d5 26. e5 Nd7 27. Nd4 Nb6
28. Qg5 Nc4 29. h4 h6 30. Qg3 Nxa3 31. Nf4 Nc4 32. Nh5 g6 33. Nf6+ Kg7 34. h5
Re7 35. hxg6 fxg6 36. Nh5+ Kf7 37. Nf4 Rg8 38. b3 Nb6 39. Qg4 h5 40. Qg5 Nd7
41. Nh3 Ke8 42. Qh6 Nf8 43. Qg5 Kd7 44. Qf4 Nh7 45. Ng5 Nxg5 46. Qxg5 Qb8 47.
b4 Rf7 48. Nb3 Rf5 49. Qe3 Qc7 50. Nc5+ Ke7 51. Nxb7 Qxb7 52. Qc5+ Kf7 53. Ra1
Rc8 54. Qe3 g5 55. Ra3 h4 56. Qd4 Rc4 57. Qe3 Rff4 58. Rd1 Rc6 59. Kh2 Rfc4 60.
g3 hxg3+ 61. Kxg3 Qc8 62. Qd3 Kg7 63. Rh1 Qg8 64. Qe3 Kf7 65. Qa7+ Kg6 66. Rxa6
Rxa6 67. Qxa6 Rxc3 68. Qxb5 Qf7 69. Qe2 Qf4+ 70. Kg2 d4 71. Rf1 Re3 72. Qa2
Qxe5 73. Rf2 d3 74. Qa4 Qf5 75. Qd7 Re5 76. Rd2 Rd5 77. Qe8+ Kf6 78. Qf8+ Ke5
79. Qh8+ Kf4 80. Kf2 g4 81. Qh6+ Ke5 82. Qh8+ Kd6 83. Qd8+ Kc6 84. Qc8+ Kb5 85.
Qb8+ Kc4 86. Qc8+ Kb3 87. Qh8 Qxf3+ 88. Kg1 Qe3+ 89. Rf2 d2 90. Kg2 Qh3+ 0-1

[Event "Tatarstan championship 2016"]
[Site "Kazan, Tatarstan"]
[Date "2016.09.22"]
[Round "7.5"]
[White "Semenova, Anastasia"]
[Black "Nigmatullina, Enge"]
[Result "1/2-1/2"]
[WhiteElo "1890"]
[BlackElo "1407"]
[PlyCount "109"]
[EventDate "2016.09.16"]

1. e4 e6 2. d4 d5 3. exd5 exd5 4. Nf3 Bg4 5. Be3 Nf6 6. Nbd2 Bd6 7. c4 c6 8.
Qb3 Qc7 9. Be2 O-O 10. h3 Bh5 11. O-O Nbd7 12. c5 Be7 13. g3 Ne4 14. Bf4 Qc8
15. g4 Bg6 16. Bd3 Ndf6 17. Ne5 Nxd2 18. Bxd2 Bxd3 19. Qxd3 Ne4 20. a4 f6 21.
Nf3 f5 22. Ne5 fxg4 23. hxg4 Bf6 24. f3 Bxe5 25. dxe5 Nxc5 26. Qe2 Nb3 27. Ra3
Nxd2 28. Qxd2 Qe6 29. Qe2 Rf4 30. Rf2 Re8 31. Qe3 Qxe5 32. Qxa7 Qe1+ 33. Kg2
Qe7 34. Rb3 Rb4 35. Rxb4 Qxb4 36. a5 Qb5 37. Kg3 Qa6 38. Qc5 Qc4 39. Qd6 Qd4
40. Qd7 Qe5+ 41. Kg2 Qe7 42. Qf5 Rf8 43. Qd3 Qb4 44. a6 bxa6 45. Qxa6 Qb5 46.
Qa7 c5 47. Qe7 Qc6 48. b4 cxb4 49. Qxb4 Qc4 50. Qd6 Qd3 51. Qe6+ Rf7 52. Qc8+
Rf8 53. Qe6+ Rf7 54. Qc8+ Rf8 55. Qe6+ 1/2-1/2

[Event "Tatarstan championship 2016"]
[Site "Kazan, Tatarstan"]
[Date "2016.09.22"]
[Round "7.6"]
[White "Zaripova, Arina"]
[Black "Tukaeva, Aida"]
[Result "1/2-1/2"]
[WhiteElo "1517"]
[BlackElo "1700"]
[PlyCount "137"]
[EventDate "2016.09.16"]

1. d4 d5 2. c4 c6 3. cxd5 cxd5 4. Nf3 Nc6 5. Bf4 Nf6 6. e3 Bg4 7. Be2 e6 8. Nc3
a6 9. O-O Bd6 10. Bxd6 Qxd6 11. Na4 O-O 12. Rc1 Ne4 13. Nc5 Rab8 14. Nd2 Bxe2
15. Qxe2 f5 16. f3 Ng5 17. f4 Ne4 18. a3 Rf6 19. b4 Rh6 20. Ndxe4 fxe4 21. Nxb7
Nxd4 22. exd4 Rxb7 23. Qc2 Rb8 24. Qc6 Rd8 25. Qxd6 Rxd6 26. a4 Rb6 27. Rb1 Rf6
28. b5 Rf7 29. bxa6 Rxa6 30. Rb4 Rfa7 31. f5 Rxa4 32. Rxa4 Rxa4 33. fxe6 Ra8
34. Rf5 Re8 35. Re5 g6 36. Kf2 Kg7 37. Rxd5 Rxe6 38. Rd7+ Kg8 39. Ke3 h6 40. d5
Re5 41. d6 Re6 42. Rd8+ Kf7 43. Rh8 Rxd6 44. Rxh6 Re6 45. Rh4 g5 46. Rg4 Kf6
47. h4 gxh4 48. Rxh4 Kg5 49. Rf4 Re7 50. Rf8 Kg6 51. Rg8+ Kf6 52. g4 Re5 53.
Rh8 Rg5 54. Kf4 Ra5 55. Rh6+ Kf7 56. Kxe4 Ra4+ 57. Kf5 Ra5+ 58. Kf4 Ra4+ 59.
Kg5 Ra5+ 60. Kh4 Ra4 61. Kh5 Ra5+ 62. g5 Kg7 63. Rb6 Ra7 64. Rg6+ Kh7 65. Re6
Kg7 66. Re5 Rb7 67. g6 Rc7 68. Rf5 Ra7 69. Kg5 1/2-1/2

[Event "Tatarstan championship 2016"]
[Site "?"]
[Date "2016.09.23"]
[Round "8.9"]
[White "Belova, Olga"]
[Black "Markelova, Lubov"]
[Result "0-1"]
[WhiteElo "2020"]
[BlackElo "2145"]
[PlyCount "66"]
[EventDate "2016.??.??"]

1. e4 e6 2. d4 d5 3. Nc3 Nf6 4. Bg5 dxe4 5. Nxe4 Be7 6. Bxf6 gxf6 7. Nf3 f5 8.
Nc3 a6 9. Qe2 b5 10. O-O-O b4 11. Na4 Qd5 12. b3 Nd7 13. Qe3 Rg8 14. h3 Bb7 15.
Bc4 Qe4 16. Rhg1 Qxe3+ 17. fxe3 Nf6 18. Rdf1 Bd6 19. Rf2 Ke7 20. Nd2 Rg3 21.
Nf1 Rg7 22. g3 Rag8 23. Nc5 Bxc5 24. dxc5 Ne4 25. Rf4 Ng5 26. Nd2 Nxh3 27. Rgf1
Nxf4 28. gxf4 Rg1 29. Kd1 h5 30. Rxg1 Rxg1+ 31. Bf1 Bg2 32. Ke1 Bxf1 33. Nxf1
Rg2 0-1

[Event "Tatarstan championship 2016"]
[Site "?"]
[Date "2016.09.23"]
[Round "8.10"]
[White "Shafigullina, Zarina"]
[Black "Yarullina, Alina"]
[Result "1/2-1/2"]
[WhiteElo "1869"]
[BlackElo "2093"]
[PlyCount "109"]
[EventDate "2016.??.??"]

1. d4 Nf6 2. Nf3 d6 3. g3 g6 4. Bg2 Bg7 5. O-O O-O 6. c4 Nbd7 7. Nc3 e5 8. e4
a6 9. h3 Re8 10. d5 b5 11. Nd2 b4 12. Ne2 Nc5 13. a3 Rb8 14. axb4 Rxb4 15. b3
Rb8 16. Ba3 Nd3 17. Nc1 Nb4 18. Bxb4 Rxb4 19. Nd3 Rb8 20. b4 Nd7 21. c5 f5 22.
f3 dxc5 23. bxc5 Qe7 24. Rc1 Bh6 25. Kh2 Rb5 26. exf5 gxf5 27. Re1 Qf6 28. f4
e4 29. c6 Nb6 30. Bxe4 Rd8 31. Bg2 Nxd5 32. Qe2 Nc3 33. Qe3 Bf8 34. Ne5 Nd5 35.
Qf3 Bb4 36. Re2 Nb6 37. Nf1 Be6 38. Ne3 a5 39. g4 Bd6 40. gxf5 Bxf5 41. Nxf5
Qxf5 42. Qg3+ Kh8 43. Qh4 Rf8 44. Rf1 Nd5 45. Be4 Be7 46. Qh6 Bg5 47. fxg5
Qxe5+ 48. Kg1 Qg3+ 49. Rg2 Rxf1+ 50. Kxf1 Ne3+ 51. Ke2 Rb2+ 52. Kd3 Rb3+ 53.
Ke2 Rb2+ 54. Kd3 Rb3+ 55. Kd4 1/2-1/2

[Event "Tatarstan championship 2016"]
[Site "?"]
[Date "2016.09.24"]
[Round "9.9"]
[White "Belova, Olga"]
[Black "Markelova, Lubov"]
[Result "1-0"]
[WhiteElo "2020"]
[BlackElo "2145"]
[PlyCount "58"]
[EventDate "2016.??.??"]

1. e4 e6 2. d4 d5 3. Nc3 Nf6 4. Bg5 dxe4 5. Nxe4 Be7 6. Bxf6 gxf6 7. Nf3 f5 8.
Nc3 a6 9. Qe2 b5 10. O-O-O b4 11. Na4 Qd5 12. c4 bxc3 13. Nxc3 Qd6 14. d5 Qf4+
15. Kb1 O-O 16. dxe6 fxe6 17. Nd4 Qh6 18. g4 f4 19. Bg2 Ra7 20. Be4 c5 21. Nf3
Bf6 22. g5 Bxg5 23. Nxg5 Rg7 24. Nf3 Nd7 25. Rhg1 Kh8 26. Rxg7 Qxg7 27. Rg1 Qf6
28. Qd3 Rf7 29. Qd6 Qe7 1-0

[Event "Tatarstan championship 2016"]
[Site "?"]
[Date "2016.09.24"]
[Round "9.10"]
[White "Shafigullina, Zarina"]
[Black "Yarullina, Alina"]
[Result "1-0"]
[WhiteElo "1869"]
[BlackElo "2093"]
[PlyCount "149"]
[EventDate "2016.??.??"]

1. d4 Nf6 2. Nf3 g6 3. g3 Bg7 4. Bg2 d6 5. O-O O-O 6. c4 Nbd7 7. Nc3 e5 8. e4
a6 9. h3 exd4 10. Nxd4 Re8 11. Re1 Rb8 12. Bf4 Nc5 13. Nc2 b5 14. cxb5 axb5 15.
Nd4 Bd7 16. a3 b4 17. axb4 Rxb4 18. e5 dxe5 19. Bxe5 Rxb2 20. Ra5 Ne6 21. Ndb5
c6 22. Qa1 cxb5 23. Ra8 Qe7 24. Rxe8+ Bxe8 25. Qxb2 Nc5 26. Re3 Nd3 27. Qe2
Nxe5 28. Rxe5 Qd8 29. Nxb5 Bxb5 30. Rxb5 h6 31. Rb7 Bf8 32. Qa2 Qe8 33. Qb2 Qe6
34. Rb6 Qe1+ 35. Kh2 Ne4 36. Bxe4 Qxe4 37. Rb8 Qf3 38. Qd4 Qa3 39. h4 h5 40.
Rb7 Qf3 41. Rb8 Qa3 42. Qe3 Qa2 43. Re8 Qa1 44. Kg2 Qf6 45. Qc5 Qg7 46. Qe7 Qh6
47. Qd6 Qg7 48. Qe7 Qh6 49. Qe3 Qg7 50. Qe7 Qh6 51. Qc5 Qg7 52. Ra8 Qh6 53. Kh3
Qg7 54. f4 Qh6 55. Re8 Qg7 56. Qe7 Qh6 57. f5 gxf5 58. Qg5+ Qxg5 59. hxg5 Kg7
60. Kh4 Bd6 61. Rd8 Bc7 62. Rd5 f4 63. gxf4 Bxf4 64. Kxh5 Be3 65. Rd7 Kf8 66.
Kg4 Ke8 67. Rb7 Bd2 68. Kf5 Bc1 69. Kf6 Bd2 70. Re7+ Kf8 71. Rxf7+ Kg8 72. Rb7
Bc3+ 73. Kg6 Kf8 74. Kh7 Bd4 75. g6 1-0